| 000 | nam a22 7a 4500 | ||
|---|---|---|---|
| 999 |
_c234099 _d234099 |
||
| 003 | Nust | ||
| 005 | 20170313161237.0 | ||
| 008 | 170313b xxu||||| |||| 00| 0 eng d | ||
| 020 | _a9780330301831 | ||
| 040 | _cNust | ||
| 082 |
_a813.54 _bOND |
||
| 100 | _aOndaatje, Michael; | ||
| 245 |
_aIn The Skin Of A Lion / _cMichael, Ondaatje; |
||
| 260 |
_aLondon. _bPan Macmillan; _c1988 |
||
| 300 | _a255 p. | ||
| 650 |
_aOntario--Toronto _vFiction |
||
| 942 |
_2ddc _cBK |
||